Modernismo: supuestos históricos y culturales

Guardat en:
Dades bibliogràfiques
Autor principal: Gutiérrez Girardot, Rafael (Autor)
Format: Llibre
Idioma:espanyol
Publicat: Bogotá Universidad Externado de Colombia 1987
Col·lecció:Tierra Firme
Matèries:
Etiquetes: Afegir etiqueta
Sense etiquetes, Sigues el primer a etiquetar aquest registre!

MARC

LEADER 00000nam a2200000 a 4500
001 UCY4846
003 CL-VaPUC
008 950331e19870000CK |||||||||||||||||spa|d
082 0 4 |a 809.034  |b GUT  |2 21 
100 |a Gutiérrez Girardot, Rafael  |e author  |9 596703 
245 1 0 |a Modernismo: supuestos históricos y culturales 
300 |a 132 p 
942 |c BK 
945 |d 19950331 00:00:00  |a rbrito 
260 |a Bogotá  |b Universidad Externado de Colombia  |c 1987 
650 0 |a Modernismo (Literatura)  |9 267614 
650 0 |a Historia y crítica   |9 257407 
583 |a last modification  |c 19950331 00:00:00  |k Rodrigo Vera 
490 0 |a Tierra Firme 
999 |c 232601  |d 232599 
952 |0 0  |1 0  |4 0  |6 809_034000000000000_GUT_1987  |7 0  |8 A  |9 237326  |a BIBCUR  |b BIBCUR  |d 2019-11-15  |i 3071758  |o 809.034 GUT 1987  |p 3071758  |r 2025-04-22  |w 2019-11-15  |y BK  |k PER